Polarising property yields provide food for thought (Record no. 82503)
[ view plain ]
| 000 -LEADER | |
|---|---|
| fixed length control field | 01012cam a22001935a 4500 |
| 001 - CONTROL NUMBER | |
| control field | L150424 |
| 008 - FIXED-LENGTH DATA ELEMENTS--GENERAL INFORMATION | |
| fixed length control field | 100713e2010 xxk 000 0 eng d |
| 035 ## - SYSTEM CONTROL NUMBER | |
| System control number | (Sirsi) u150424 |
| 041 0# - LANGUAGE CODE | |
| Language code of text/sound track or separate title | eng |
| 110 2# - MAIN ENTRY--CORPORATE NAME | |
| Corporate name or jurisdiction name as entry element | Property Week |
| 9 (RLIN) | 1549 |
| 245 00 - TITLE STATEMENT | |
| Title | Polarising property yields provide food for thought |
| 260 ## - PUBLICATION, DISTRIBUTION, ETC. | |
| Date of publication, distribution, etc. | 2010 |
| 490 #0 - SERIES STATEMENT | |
| Series statement | Property Week |
| Volume/sequential designation | 76(27) 9 July 2010, 38(1) |
| 520 ## - SUMMARY, ETC. | |
| Summary, etc. | Cushman and Wakefield's latest UK property investment market update indicates prime property yields remaining unchanged for the second successive month, stabilising at 5.79% in June. More sectorial polarisation should be evident as the market moves into summer. Yields are expected to rise for property with more occupational risk. Leveraged buyers may be keen to pursue deals with all-in five-year funding costs at 4.6%. Table covers June 2010 yields by property subsector. |
| 590 ## - LOCAL NOTE (RLIN) | |
| Local note | KA |
| 651 #4 - SUBJECT ADDED ENTRY--GEOGRAPHIC NAME | |
| Geographic name | United Kingdom |
| Chronological subdivision | |
| 690 ## - LOCAL SUBJECT ADDED ENTRY--TOPICAL TERM (OCLC, RLIN) | |
| Topical term or geographic name as entry element | PROPERTY-COMMERCIAL PROPERTY-COMMERCIAL PROPERTY FINANCE AND INVESTMENT |
| 942 ## - ADDED ENTRY ELEMENTS (KOHA) | |
| Suppress in OPAC | 0 |
| Withdrawn status | Lost status | Source of classification or shelving scheme | Damaged status | Not for loan | Home library | Current library | Shelving location | Date acquired | Total Checkouts | Full call number | Barcode | Date last seen | Copy number | Price effective from | Koha item type |
|---|---|---|---|---|---|---|---|---|---|---|---|---|---|---|---|
| Dewey Decimal Classification | London | London | Journal article | 13/07/2010 | L150424 | 150424-1001 | 06/08/2019 | 1 | 06/08/2019 | Journal article |